• 首页
  • 本馆介绍
  • 公告通知
  • 最新文献
  • 馆藏检索
  • 电子资源
  • 读者导购
  • 参考咨询
  • 我的图书馆
  • 登录
  • 详细信息显示
  • 放入我的书架
  • 预约/预借图书
  • 作者相关作品
  • 分类相关作品
  • 丛书相关作品
  • 出版社相关作品

书目信息

  • 表格格式
  • 工作单格式
  • 卡片格式
题名:
饮冰室合集
    
 
作者: 梁启超 著
分册: 1  
出版信息: 北京   中华书局  1989.03
页数: 1册
开本: 20cm
丛书名:
单 册:
中图分类: B259.1
科图分类:
主题词: 梁启超--哲学 , 梁启超
电子资源:
ISBN: 7-101-00475-X
000 00663nam0 2200229 45
001 0201280845
005 20050525111331.0
010    @a7-101-00475-X@b精装@dCNY360.00
100    @a20020128d1989 km y0chiy0120 ea
101 0  @achi
105    @ac z 000yy
200 1  @a饮冰室合集@AYin Bing Shi He Ji@h1@e文集1-9@EWen Ji 1-9@f梁启超著@FLiang Qi Chao Zhu
210    @a北京@c中华书局@d1989.03
215    @a1册@c肖像@d20cm
305    @a本书据上海中华书局1936年版影印
517    @a文集1-9@AWen Ji 1-9
606 0  @a梁启超@x哲学
606 0  @a梁启超
690    @aB259.1@v4
701  0 @a梁启超@4著
801    @aCN@bTSTC@c20020128
905    @dB259.1@e24:1@f1@b226179
    
    饮冰室合集.1:文集1-9/梁启超著.-北京:中华书局,1989.03
    1册:肖像;20cm
    
    
    ISBN 7-101-00475-X(精装):CNY360.00
    
●
相关链接 在E读中查询图书 在五车中查询图书 在当当中查询图书 在豆瓣中查询图书


正题名:饮冰室合集     索取号:B259.1/24:1         预约/预借

序号 登录号 条形码 馆藏地/架位号 状态 备注
1 0226179   002040767   第一样本阅览室/ [索取号:B259.1/24:1] 在馆    
唐山师范学院图书馆 欢迎您!
大连网信软件有限公司© 版权所有